XO, Kitty Characters by Picture - Statistics

General Stats
  • This quiz has been taken 492 times
    137 since last reset
  • The average score is 12 of 16
Answer Stats
Picture Answer % Correct
Kitty Covey
100%
Min Ho Moon
98%
Q Shabazian
98%
Dae Heon Kim
96%
Yuri Han
94%
Juliana Porter
84%
Lara Jean Covey
78%
Alex Finnerty
72%
Eunice Kang
65%
Jin Lee
64%
Madison Miller
64%
Marius
64%
Daniel Lee
58%
Praveena Bhakti
56%
Jiwon Ahn
50%
Gigi Park
42%
No matching quizzes found
Score Distribution
Percent of People with Each Score
Percentile by Number Answered
Your Score History
You have not taken this quiz since the last reset